[Event "Challenge"]
[Site "http://www.queenalice.com/game.php?id=286492"]
[Date "2007.10.15"]
[Round "-"]
[White "YouLoseSorry"]
[Black "wolwal"]
[Result "0-1"]
[WhiteElo "1480"]
[BlackElo "1732"]

1. e4 e5 2. Nf3 d6 3. Nc3 Be6 4. d3 Nf6 5. d4 Bg4 6. h3 Bxf3 7. gxf3 exd4 8.
Qxd4 c5 9. Qa4+ Qd7 10. Qxd7+ Nbxd7 11. Nd5 Nxd5 12. exd5 Nf6 13. c4 Nd7 14. f4
Be7 15. Rb1 O-O 16. b3 a6 17. Rg1 g6 18. f5 Rae8 19. fxg6 fxg6 20. b4 b6 21. b5
a5 22. Rb3 Bf6+ 23. Be2 Re5 24. Rbg3 Kg7 25. f4 Rf5 26. Kf1 Bh4 27. Rg4 Bf6 28.
Rg5 Bd4 29. h4 Bxg1 30. Kxg1 h6 31. Rxf5 Rxf5 32. Bg4 Rf7 33. Be6 Re7 34. Bxd7
Rxd7 35. Bb2+ Kh7 36. Kg2 Re7 37. Kg3 Re4 38. Kg4 Rxc4 39. h5 gxh5+ 40. Kxh5
Rxf4 41. Bc1 Rf5+ 42. Kg4 Rxd5 43. Bf4 Rd4 44. Kf5 Rd5+ 45. Ke4 Rd1 46. Kf5 c4
47. Ke6 c3 48. Bxd6 Rxd6+ 49. Kxd6 c2 50. Kc6 c1=Q+ 51. Kxb6 Qc3 52. Ka6 h5 53.
b6 Qc6 54. Kxa5 h4 55. Ka6 h3 56. Ka7 h2 57. b7 Qxb7+ 58. Kxb7 h1=Q+ 59. Kb6 Qa1
60. a4 Qxa4 61. Kc7 Qe4 62. Kb6 Qd5 63. Ka6 Qc5 64. Kb7 Kg7 65. Ka8 Kf7 66. Kb8
Ke7 67. Kb7 Kd7 68. Ka6 Kd8 69. Kb7 Qb5+ 70. Ka8 Kc8 71. Ka7 Qb7# 0-1

[Event "Invitation"]
[Site "http://www.queenalice.com/game.php?id=286898"]
[Date "2007.10.15"]
[Round "-"]
[White "wolwal"]
[Black "het_man"]
[Result "0-1"]
[WhiteElo "1762"]
[BlackElo "1942"]

1. e4 e5 2. f4 Bc5 3. Nf3 d6 4. d3 Nc6 5. f5 h6 6. h4 Nf6 7. c3 Bd7 8. d4 exd4
9. cxd4 Bb4+ 10. Bd2 Nxe4 11. Bxb4 Nxb4 12. Bd3 Ng3 13. Rh3 Nxd3+ 14. Qxd3 Qe7+
15. Kf2 Nxf5 16. g4 Nxh4 17. Nxh4 O-O 18. Nc3 Bxg4 19. Rg3 Qxh4 20. Kg2 h5 21.
Rh1 Qg5 22. Ne4 Qg6 23. Rh4 d5 24. Nf2 Qxd3 25. Nxd3 g5 26. Rh1 f6 27. Nf2 Rfe8
28. Nxg4 hxg4 29. Rxg4 Re2+ 30. Kf3 Rxb2 31. Re1 Kf7 32. Rc1 c6 33. Rg2 Rxg2 34.
Kxg2 Re8 35. Rc2 Kg6 36. Kf3 Re4 37. a4 Rxd4 0-1

[Event "Challenge"]
[Site "http://www.queenalice.com/game.php?id=303889"]
[Date "2007.11.14"]
[Round "-"]
[White "wolwal"]
[Black "Tiagoviegas"]
[Result "0-1"]
[WhiteElo "1644"]
[BlackElo "1647"]

1. e4 e5 2. f4 Nc6 3. Nf3 exf4 4. d4 Qf6 5. e5 Qg6 6. Qd3 d6 7. Bxf4 Bf5 8. Qd2
d5 9. Nc3 Bb4 10. a3 Bxc3 11. Qxc3 Qg4 12. h3 Qxf4 13. Bb5 Ne7 14. O-O O-O 15.
Rf2 Nd8 16. Re1 Ne6 17. Nh2 Qh4 18. Ref1 c6 19. Be2 Nxd4 20. g3 Qe4 21. Bf3
Nxf3+ 22. Rxf3 Bxh3 23. R1f2 Nf5 24. Qd3 Qe1+ 25. Rf1 Bxf1 26. Rxf1 Qxg3+ 27.
Qxg3 Nxg3 28. Rf3 Ne2+ 29. Kf2 Nd4 30. Rd3 Nxc2 31. Nf3 f6 32. e6 Rae8 33. Rc3
Na1 34. Re3 Nc2 35. Re2 Na1 36. b4 f5 37. Ke1 Rf6 38. Kd1 Rfxe6 39. Rd2 Re3 0-1

[Event "Challenge"]
[Site "http://www.queenalice.com/game.php?id=305046"]
[Date "2007.11.16"]
[Round "-"]
[White "wolwal"]
[Black "sunti_me"]
[Result "0-1"]
[WhiteElo "1725"]
[BlackElo "1845"]

1. e4 c5 2. Nc3 Nc6 3. Nf3 g6 4. d4 cxd4 5. Nxd4 Bg7 6. Be3 Nf6 7. Qd3 Ng4 8.
Be2 Nxe3 9. fxe3 d6 10. O-O-O Bd7 11. Nxc6 bxc6 12. Bf3 Qa5 13. Qc4 Be6 14.
Qxc6+ Kd8 15. Qxa8+ Kc7 16. Nb5+ Kb6 17. Qxa7+ Qxa7 18. Nxa7 Kxa7 19. b3 Bc3 20.
Rd3 Rc8 21. h3 h5 22. g4 h4 23. Be2 f6 24. Rdd1 Kb6 25. Rhf1 g5 26. e5 Bxe5 27.
e4 Rc5 28. Rf3 Bf7 29. Rfd3 Bg6 30. Bf3 Be8 31. Rd5 Rc3 32. R1d3 Rc8 33. a4 Bc6
34. a5+ Ka6 35. Be2 Bxd5 36. exd5 Kxa5 37. Kb1 Kb4 38. Kc1 Ra8 39. Kd2 Bf4+ 40.
Re3 Ra1 41. Kd3 Bxe3 42. Kxe3 Rh1 43. Ke4 Rxh3 44. Bc4 Rg3 45. Kf5 h3 46. Bd3
Rxd3 47. cxd3 h2 0-1

[Event "Rewanż"]
[Site "http://www.queenalice.com/game.php?id=311326"]
[Date "2007.11.28"]
[Round "-"]
[White "wolwal"]
[Black "het_man"]
[Result "0-1"]
[WhiteElo "1604"]
[BlackElo "1931"]

1. e4 e5 2. Nc3 Nc6 3. Nf3 Nf6 4. Bb5 Bb4 5. O-O d6 6. a3 Bxc3 7. dxc3 h6 8.
Bxc6+ bxc6 9. Be3 Nxe4 10. c4 Bg4 11. h3 Bh5 12. Qd3 Bxf3 13. gxf3 Ng5 14. Kg2
Qf6 15. b4 Qxf3+ 16. Kg1 Qxh3 17. f4 Qg3+ 18. Kh1 Qh3+ 19. Kg1 e4 20. Qe2 Nf3+
21. Kf2 Qh2# 0-1

[Event "Challenge"]
[Site "http://www.queenalice.com/game.php?id=323907"]
[Date "2007.12.21"]
[Round "-"]
[White "wolwal"]
[Black "het_man"]
[Result "0-1"]
[WhiteElo "1521"]
[BlackElo "1922"]

1. e4 e5 2. d3 Bc5 3. Nf3 d6 4. h3 Nf6 5. Nc3 a6 6. Qe2 h6 7. Be3 Nc6 8. O-O-O
Be6 9. d4 exd4 10. Nxd4 Nxd4 11. Bxd4 Bxd4 12. Rxd4 Qe7 13. g4 O-O-O 14. f4 g5
15. f5 Bd7 16. Bg2 Bc6 17. a3 Rhe8 18. Re1 Qe5 19. Qe3 Kb8 20. Red1 Qc5 21. Qd3
Re5 22. Bf3 Rde8 23. b4 Qb6 24. Qc4 R8e7 25. R1d3 Bb5 26. Nxb5 axb5 27. Qb3 Nxe4
28. Re3 Qxd4 29. Rd3 Qa1+ 30. Qb1 Qxb1+ 31. Kxb1 Nf2 32. Rc3 Re1+ 33. Kb2 Rg1
34. Ka2 Ree1 35. Rb3 Ra1+ 36. Kb2 Rgb1+ 37. Kc3 Nd1+ 38. Bxd1 Rxb3+ 39. Kxb3
Rxd1 40. c3 Rh1 0-1

[Event "Challenge"]
[Site "http://www.queenalice.com/game.php?id=355437"]
[Date "2008.2.16"]
[Round "-"]
[White "wolwal"]
[Black "terrazzee"]
[Result "0-1"]
[WhiteElo "1568"]
[BlackElo "1648"]

1. e4 c6 2. d4 d5 3. e5 Bf5 4. Nf3 e6 5. Bd3 Bxd3 6. Qxd3 Qb6 7. O-O Nd7 8. Be3
Qxb2 9. Nc3 Qb6 10. Rab1 Qc7 11. a4 a6 12. Ne2 c5 13. c4 dxc4 14. Qxc4 Ne7 15.
Rfc1 Nd5 16. Rb3 N7b6 17. Qc2 Nxa4 18. Ra1 c4 19. Rbb1 b5 20. Nf4 Ndc3 21. Rc1
Be7 22. Bd2 b4 23. Bxc3 Nxc3 24. Ne2 Nxe2+ 25. Qxe2 c3 26. Rxa6 O-O 27. Rca1
Rxa6 28. Rxa6 c2 29. Ra1 c1=Q+ 30. Rxc1 Qxc1+ 31. Ne1 b3 0-1

[Event "Challenge"]
[Site "http://www.queenalice.com/game.php?id=357218"]
[Date "2008.2.19"]
[Round "-"]
[White "wolwal"]
[Black "MataMoscas"]
[Result "0-1"]
[WhiteElo "1536"]
[BlackElo "1441"]

1. e4 e5 2. d4 Nc6 3. d5 Nd4 4. Be3 Bc5 5. f4 d6 6. f5 g6 7. Bd3 Nh6 8. Qd2 Ng4
9. Bxd4 Bxd4 10. c3 Nf2 11. cxd4 Nxh1 12. Nf3 c6 13. dxc6 bxc6 14. Nc3 exd4 15.
Nxd4 c5 16. Bb5+ Bd7 17. Bxd7+ Qxd7 18. Nc2 O-O 19. O-O-O gxf5 20. Rxh1 Rab8 21.
e5 Qb7 22. b3 dxe5 23. Qg5+ Kh8 24. Qf6+ Kg8 25. Qg5+ Kh8 26. Rg1 Rg8 27. Qxf5
Rbe8 28. g3 e4 29. Rf1 e3 30. Qh5 e2 31. Nxe2 Qe7 32. Rxf7 Qg5+ 33. Qxg5 Rxg5
34. Nf4 Rg7 35. Rf5 Rgg8 36. Rxc5 Rc8 37. Rxc8 Rxc8 38. h4 Rg8 39. Ne2 Rc8 40.
g4 Rg8 41. g5 Re8 42. Ned4 Re4 43. a4 Rxh4 44. Kd2 Rg4 45. b4 Rxg5 46. a5 h5 47.
Nf3 Rf5 48. Ke3 Kg7 49. Kf2 Kf7 50. Kg3 Ke7 51. b5 Rxb5 52. a6 Rb6 53. Kh4 Rb5
54. Nfd4 Rc5 55. Ne3 Kd6 56. Ndf5+ Ke5 57. Kxh5 Kf4 58. Kg6 Rc6+ 59. Kf7 Rxa6
60. Ke7 Ra3 61. Kd7 Ra2 62. Kc6 a5 63. Kb5 Ra3 64. Ka6 a4 65. Ka5 Ra1 66. Kb4 a3
67. Kb3 Ke4 68. Nc2 Rc1 69. Ncd4 Ra1 70. Nc2 Rb1+ 71. Ka2 Rb2+ 72. Kxa3 Rxc2 73.
Nd6+ Kd5 74. Nb5 Kc4 75. Nd6+ Kd5 76. Nb5 Kc5 77. Nc7 Kd4 78. Kb3 Rxc7 0-1

[Event "Challenge"]
[Site "http://www.queenalice.com/game.php?id=417181"]
[Date "2008.6.13"]
[Round "-"]
[White "wolwal"]
[Black "zezo"]
[Result "1-0"]
[WhiteElo "1531"]
[BlackElo "1439"]

1. e4 e5 2. f4 exf4 3. Nf3 Nf6 4. Nc3 c6 5. d4 b5 6. Bxf4 Nh5 7. g3 g6 8. Bd3
Qa5 9. Be5 f6 10. Bxb8 Rxb8 11. a3 Bd6 12. e5 Be7 13. Qe2 b4 14. Nb1 c5 15. d5
O-O 16. d6 1-0